Vida de Séneca / (Registro nro. 186539)

Detalles MARC
000 -LEADER
campo de control de longitud fija 00799nam a2200229 i 4500
001 - NÚMERO DE CONTROL
campo de control 186539
003 - IDENTIFICADOR DE NÚMERO DE CONTROL
campo de control ES-MaACL
005 - FECHA Y HORA DE LA ÚLTIMA TRANSACCIÓN
campo de control 20260525062938.0
008 - DATOS DE LONGITUD FIJA--INFORMACIÓN GENERAL
campo de control de longitud fija 161123s1952 ag |||| |bspa d
080 ## - NÚMERO DE LA CLASIFICACIÓN DECIMAL UNIVERSAL
Número de la Clasificación Decimal Universal 929 Séneca, Lucio Anneo
100 1# - ENTRADA PRINCIPAL--NOMBRE DE PERSONA
Nombre de persona Diderot, Denis,
Fechas asociadas al nombre 1713-1784
9 (RLIN) 44511
245 10 - MENCIÓN DEL TÍTULO
Título Vida de Séneca /
Mención de responsabilidad, etc. Diderot ; [traducción del francés por Antonio Dorta].
250 ## - MENCION DE EDICION
Mención de edición 1ª ed. popular para la Colección austral.
260 ## - PUBLICACIÓN, DISTRIBUCIÓN, ETC.
Lugar de publicación, distribución, etc. Buenos Aires :
Nombre del editor, distribuidor, etc. Espasa Calpe Argentina,
Fecha de publicación, distribución, etc. 1952.
300 ## - DESCRIPCIÓN FÍSICA
Extensión 212 p. ;
Dimensiones 18 cm.
490 1# - MENCIÓN DE SERIE
Mención de serie Colección austral ;
Designación de volumen o secuencia 1112
600 14 - PUNTO DE ACCESO ADICIONAL DE MATERIA--NOMBRE DE PERSONA
Nombre de persona Séneca, Lucio Anneo.
9 (RLIN) 105451
700 1# - ENTRADA AGREGADA--NOMBRE PERSONAL
Nombre de persona Dorta, Antonio.
9 (RLIN) 45440
830 0# - PUNTO DE ACCESO ADICIONAL DE SERIE-TÍTULO UNIFORME
Título uniforme Colección austral
Designación de volumen o secuencia 1112
9 (RLIN) 177655
852 ## - LOCALIZACIÓN
Ubicación ES-MaACL
Número de control de estantería L-30884
Nota libre . - Donat. Miguel A. Velasco
Existencias
Estatus retirado Estado de pérdida Estado de daño No para préstamo Biblioteca de origen Biblioteca actual Ubicación en estantería Fecha de adquisición Fuente de adquisición Total de préstamos Signatura topográfica completa Código de barras Visto por última vez Precio de reemplazo Tipo de ítem Koha
        Biblioteca del Ateneo de Madrid Biblioteca del Ateneo de Madrid Depósito 2 23/11/2016     L-30884 1196706 23/02/2023 23/02/2023 Libro impreso